Discusiones sobre planificación

Guardat en:
Dades bibliogràfiques
Autor corporatiu: ILPES
Format: Text
Publicat: México, D.F.: Siglo XXI
Edició:12
Etiquetes: Afegir etiqueta
Sense etiquetes, Sigues el primer a etiquetar aquest registre!

MARC

LEADER 00000 a a2200000 04500
001 22727
003
040
020 |a 968-23-0252-8  
090 |a 156100  
110 |a ILPES  
245 |a Discusiones sobre planificación  
250 |a 12  
260 |a México, D.F.:   |b Siglo XXI  
300 |a 143 p.  
999 |c 4661  |d 4661